[Event "ch-POL w"]
[Site "Brzeg Dolny POL"]
[Date "2001.09.29"]
[Round "5"]
[White "Kadziolka,B"]
[Black "Krupa,M"]
[Result "1-0"]
[WhiteElo "2162"]
[BlackElo "2307"]

1.e4 c5 2.Nf3 Nc6 3.Nc3 e5 4.Bc4 d6 5.d3 Be7 6.Nd2 Nf6 7.Nf1 Bg4 8.f3 Be6
9.Ne3 a6 10.O-O b5 11.Bd5 Qb6 12.f4 exf4 13.Rxf4 O-O-O 14.a4 b4 15.a5 Qc7
16.Bxc6 Qxc6 17.Na4 h5 18.c3 g5 19.Rf1 Kb7 20.cxb4 d5 21.Nxc5+ Bxc5 22.bxc5 Nd7
23.d4 Ka7 24.exd5 Bxd5 25.Nxd5 Qxd5 26.Qf3 Nb8 27.Qxd5 Rxd5 28.Rxf7+ Ka8
29.Be3 Nc6 30.Raf1 Re8 31.Rf8 Rxf8 32.Rxf8+ Kb7 33.Rf7+ Kc8 34.Kf2 Nxa5 35.Ra7 Nc4
36.b3 Na5 37.b4 Nc6 38.Rxa6 Nxb4 39.Rg6 Nc2 40.Rxg5 Nxe3 41.Rg8+  1-0

[Event "Tatry Open"]
[Site "High Tatras SVK"]
[Date "2001.09.30"]
[Round "2"]
[White "Felcir,J"]
[Black "Vesely,T"]
[Result "1-0"]
[WhiteElo "2206"]
[BlackElo "2077"]

1.e4 c5 2.Nf3 Nc6 3.Nc3 g6 4.d4 cxd4 5.Nxd4 Bg7 6.Be3 Nf6 7.Nxc6 bxc6 8.e5 Ng8
9.Bd4 c5 10.Bxc5 Qc7 11.Bd4 Bxe5 12.Be2 Bb7 13.O-O Bxh2+ 14.Kh1 Qf4 15.Bg4 Qh6
16.Bh5 e5 17.Kxh2 exd4 18.Qxd4 Qxh5+ 19.Kg1 Qg5 20.Ne4 Qd5 21.Qxh8 O-O-O
22.f3 f6 23.Rad1 Qxa2 24.Nd6+ Kc7 25.Nxb7 Kxb7 26.Qxh7  1-0

[Event "Tatry Open"]
[Site "High Tatras SVK"]
[Date "2001.09.31"]
[Round "3"]
[White "Bednarska,M"]
[Black "Novacek,K"]
[Result "1-0"]
[WhiteElo "2223"]
[BlackElo "2103"]

1.e4 c5 2.Nf3 Nc6 3.Nc3 Nf6 4.Bc4 e6 5.d4 cxd4 6.Nxd4 Bb4 7.O-O Bxc3 8.bxc3 Nxe4
9.Nxc6 bxc6 10.Qg4 O-O 11.Qxe4 d5 12.Qf3 dxc4 13.Ba3 Re8 14.Qxc6 Qd7 15.Qxa8  1-0

[Event "Tatry Open"]
[Site "High Tatras SVK"]
[Date "2001.10.01"]
[Round "4"]
[White "Vesselovsky,S"]
[Black "Karlik,V"]
[Result "1/2-1/2"]
[WhiteElo "2405"]
[BlackElo "2283"]

1.e4 c5 2.Nf3 Nc6 3.Nc3 g6 4.d4 cxd4 5.Nxd4 Bg7 6.Be3 Nf6 7.Bc4 Qa5 8.O-O O-O
9.Nb3 Qc7 10.Be2 Qd6 11.Kh1 Ne5 12.Bd4 Nc6 13.Be3  1/2-1/2

[Event "Tatry Open"]
[Site "High Tatras SVK"]
[Date "2001.10.01"]
[Round "4"]
[White "Sikorova,O"]
[Black "Likavsky,T"]
[Result "1/2-1/2"]
[WhiteElo "2274"]
[BlackElo "2410"]

1.e4 c5 2.Nc3 Nc6 3.Nf3 g6 4.d4 cxd4 5.Nxd4 Bg7 6.Be3 Nf6 7.Nxc6 bxc6 8.e5 Ng8
9.f4 Nh6 10.Qd2 d6 11.O-O-O Bg4 12.Be2 dxe5 13.Qxd8+ Rxd8 14.Rxd8+ Kxd8 15.fxe5 Bxe2
16.Nxe2 Nf5 17.Bxa7 Bxe5 18.a4 Kd7 19.Rd1+ Nd6 20.a5 Ra8 21.Bb6 f5 22.b4 g5
23.c4 Ke8 24.c5 Nb5 25.g3 Bf6 26.Kc2 e6 27.Kb3 Ke7 28.Rd2 e5 29.Nc3 Nxc3
30.Kxc3 e4+ 31.Kc4 e3 32.Ra2 Ke6 33.Kd3 Kd5 34.Kxe3 Kc4 35.Kf3 Bc3 36.Rc2 Kb5  1/2-1/2

[Event "Chigorin Mem Open"]
[Site "St Petersburg RUS"]
[Date "2001.10.02"]
[Round "8"]
[White "Lazhevsky,G"]
[Black "Khavsky,S"]
[Result "0-1"]
[WhiteElo "2240"]
[BlackElo "2325"]

1.e4 c5 2.Nf3 Nc6 3.Nc3 g6 4.d4 cxd4 5.Nxd4 Bg7 6.Be3 Nf6 7.f3 O-O 8.Qd2 d5
9.Nxc6 bxc6 10.O-O-O Be6 11.exd5 cxd5 12.Bd4 Qa5 13.g4 Rab8 14.h4 h5 15.gxh5 Nxh5
16.Bxg7 Kxg7 17.Qd4+ f6 18.a3 Bf7 19.Nxd5 Rfd8 20.Qc3 Rxd5 21.Qxa5 Rxa5 22.Rd7 Ng3
23.Rg1 Nxf1 24.Rxf1 e5 25.Rfd1 Rab5 26.Rxa7 Rxb2 27.Rdd7 Rb1+ 28.Kd2 Rf8
29.c4 Rb6 30.Rdc7 f5 31.c5 Rf6 32.a4 Rd8+ 33.Ke3 e4 34.f4 Rh8 35.Re7 Rxh4
36.c6 Rh3+ 37.Ke2 Rc3 38.c7 Kf8 39.Rd7 Kg7 40.a5 Kh6 41.Ra8 Rfc6 42.Rxf7 Kh5
43.Rh8+ Kg4 44.a6 Kxf4 45.Rd8 Rc2+ 46.Ke1 Rxa6 47.Kd1 Rac6  0-1

[Event "Chigorin Mem Open"]
[Site "St Petersburg RUS"]
[Date "2001.10.02"]
[Round "8"]
[White "Egorov,E"]
[Black "Frolyanov,D"]
[Result "1-0"]
[WhiteElo "2416"]
[BlackElo "2293"]

1.e4 c5 2.Nc3 Nc6 3.Bb5 Nd4 4.Bc4 e6 5.Nf3 Nf6 6.O-O a6 7.e5 d5 8.exf6 dxc4
9.fxg7 Bxg7 10.d3 cxd3 11.Qxd3 Bd7 12.Nxd4 cxd4 13.Qg3 Qf6 14.Ne4 Qg6 15.Nd6+ Ke7
16.Qa3 Bc6 17.f3 Bf8 18.Ne4+ Ke8 19.Qa5 Rg8 20.Rf2 Bxe4 21.fxe4 Qxe4 22.Bd2 Bd6
23.Qh5 Qg6 24.Qf3 Rb8 25.Re1 Rg7 26.Qd5 Rd8 27.Qxb7 Qh5 28.g3 Rd7 29.Qa8+ Ke7
30.Kg2 Qg6 31.Qf3 Qg4 32.Qd3 Qh5 33.Re4 Bc5 34.b4 Ba7 35.a4 Qd5 36.Kg1 Rc7
37.Rfe2 Qc4 38.Kg2 Qxd3 39.cxd3 Rg8 40.Re5 Bb6 41.Rh5 Rg7 42.a5 Ba7 43.b5 axb5
44.Rxb5 f6 45.Kf3 e5 46.g4 Ke6 47.g5 Rc5 48.gxf6 Kxf6 49.Rxc5 Bxc5 50.Rg2 e4+
51.dxe4 Rb7 52.Rg5 Rb2 53.Bf4 Ba7 54.Rh5 Ra2 55.h4 d3 56.Rxh7 Rxa5 57.Rd7 Ra3
58.Kg4 Ke6 59.Rd6+ Ke7 60.Rd5 Ke6 61.h5 Ra1 62.Rd6+ Ke7 63.Rxd3 Ke6 64.Rd6+ Ke7
65.Rh6 Bd4 66.Rh7+ Ke6 67.Rh6+ Kf7 68.Rd6 Bc5 69.Rc6 Bd4 70.Rc4 Bb6 71.Rb4 Bc5
72.Rb5 Bd4 73.Kf5 Rf1 74.Rb7+ Kg8 75.Rb3 Bg7 76.Rb8+ Kh7 77.Rb7 Kg8 78.Rb6 Bd4
79.Rb3 Bg7 80.Kg5 Rg1+ 81.Rg3 Rxg3+ 82.Bxg3 Kf7 83.Kf5 Bh6 84.Bf4 Bg7 85.e5 Ke7
86.Bg5+  1-0

[Event "ch-SLO"]
[Site "Grize SLO"]
[Date "2001.10.04"]
[Round "4"]
[White "Vombek,D"]
[Black "Jeric,S"]
[Result "0-1"]
[WhiteElo "2309"]
[BlackElo "2327"]

1.e4 c5 2.Nc3 Nc6 3.Nf3 g6 4.d4 cxd4 5.Nxd4 Bg7 6.Nb3 d6 7.Be2 Nf6 8.O-O O-O
9.Re1 Be6 10.Bf1 Rc8 11.Nd5 Ne5 12.Bg5 Nc4 13.Nxf6+ exf6 14.Bc1 f5 15.exf5 Bxf5
16.Nd4 Bd7 17.c3 d5 18.Qf3 Bc6 19.b3 Ne5 20.Qg3 Re8 21.Bf4 Nd7 22.Rxe8+ Qxe8
23.Rd1 Nf6 24.Qd3 Bd7 25.f3 Qe7 26.Qd2 a6 27.Be3 b5 28.Nc2 Be6 29.Bd4 Nd7
30.Nb4 Nb8 31.Bxg7 Kxg7 32.Qd4+  0-1

[Event "TCh-BUL w"]
[Site "Pamporovo BUL"]
[Date "2001.10.04"]
[Round "3"]
[White "Gocheva,R"]
[Black "Chilingirova,P"]
[Result "0-1"]
[WhiteElo "2218"]
[BlackElo "2223"]

1.e4 c5 2.Nc3 Nc6 3.Nge2 d6 4.h3 a6 5.g3 g6 6.d4 cxd4 7.Nxd4 Bg7 8.Nde2 b5
9.Bg2 Bb7 10.Be3 Nf6 11.O-O O-O 12.a4 b4 13.Nd5 Nd7 14.c3 bxc3 15.bxc3 e6
16.Rb1 Rb8 17.Nb6 Nxb6 18.Bxb6 Qe7 19.f4 Rbc8 20.Qd3 Rfe8 21.Rf2 Nb8 22.Rd1 Bf8
23.a5 Nd7 24.e5 d5 25.Bd4 Nc5 26.Qe3 Qc7 27.g4 Qxa5 28.f5 exf5 29.gxf5 Ne4
30.Bxe4 dxe4 31.e6 Qd8 32.f6 Rc7 33.Rdf1  0-1

[Event "TCh-RUS Siberian Zone"]
[Site "Omsk RUS"]
[Date "2001.10.05"]
[Round "1"]
[White "Farakhov,R"]
[Black "Pridorozhni,A"]
[Result "1/2-1/2"]
[WhiteElo "2307"]
[BlackElo "2410"]

1.e4 c5 2.Nf3 Nc6 3.Nc3 Nf6 4.d4 cxd4 5.Nxd4 e5 6.Ndb5 d6 7.Bg5 a6 8.Na3 b5
9.Bxf6 gxf6 10.Nd5 f5 11.c3 Bg7 12.exf5 Bxf5 13.Nc2 Be6 14.g3 O-O 15.Bg2 Rb8
16.Ncb4 Nxb4 17.Nxb4 Rb6 18.Nd5 Rb8 19.Nb4 Rb6 20.Nd5 Rb8 21.Nb4 Rb6 22.Nd5  1/2-1/2

[Event "3rd Golden Autumn"]
[Site "Alushta UKR"]
[Date "2001.10.07"]
[Round "?"]
[White "Gasanov,E"]
[Black "Rogovski,V"]
[Result "1-0"]
[WhiteElo "2440"]
[BlackElo "2443"]

1.e4 c5 2.Nc3 Nc6 3.Bb5 Nd4 4.Bc4 e6 5.Nf3 Ne7 6.Nxd4 cxd4 7.Ne2 Nc6 8.O-O Be7
9.d3 O-O 10.a3 a6 11.f4 d5 12.exd5 exd5 13.Ba2 Bf6 14.f5 Be5 15.Bf4 f6 16.g4 Qd6
17.Bg3 Bd7 18.Nf4 Ne7 19.Qf3 Kh8 20.Rae1 Rfc8 21.Re2 Rc5 22.Kh1 Rac8 23.Qg2 a5
24.c3 Nc6 25.Ng6+ hxg6 26.Qh3+ Kg8 27.fxg6 Re8 28.cxd4 Nxd4 29.Qh7+ Kf8 30.Qh8+ Ke7
31.Rxe5+ Qxe5 32.Qxg7+ Kd8 33.Bxe5 fxe5 34.Qf6+ Kc8 35.g7 Ne6 36.Qxe5 d4
37.Qxc5+  1-0

[Event "3rd Golden Autumn"]
[Site "Alushta UKR"]
[Date "2001.10.07"]
[Round "?"]
[White "Guseinov,K"]
[Black "Murashko,V"]
[Result "1-0"]
[WhiteElo "2489"]
[BlackElo "2436"]

1.e4 c5 2.Nf3 Nc6 3.Nc3 g6 4.d4 cxd4 5.Nxd4 Bg7 6.Be3 Nf6 7.Bc4 O-O 8.Bb3 a5
9.O-O a4 10.Nxa4 Nxe4 11.Nb5 d6 12.Qe2 Ra6 13.c4 Nf6 14.Rad1 Bg4 15.f3 Bd7
16.Rfe1 Re8 17.c5 Na5 18.cxd6 Nxb3 19.axb3 Bxb5 20.Qxb5 Rxd6 21.Rxd6 exd6
22.Qxb7 Re7 23.Qb5 Re5 24.Qd3 Qe7 25.Qd2 d5 26.Bf2 Rxe1+ 27.Qxe1 Qxe1+ 28.Bxe1 Nd7
29.b4 d4 30.Kf2 f5 31.b5 Kf7 32.Ke2 Ke6 33.Bg3 Kd5 34.Kd3 Ne5+ 35.Bxe5 Bxe5
36.Nb6+ Ke6 37.Nc4 Bxh2 38.Kxd4 h5 39.Kc5 g5 40.b6 Bg1+ 41.Kc6 g4 42.b7  1-0

[Event "ULIM Cup"]
[Site "Kishnev MDA"]
[Date "2001.10.07"]
[Round "1"]
[White "Soltanici,R"]
[Black "Barasiant,M"]
[Result "1-0"]
[WhiteElo "2312"]
[BlackElo "2062"]

1.e4 c5 2.Nf3 Nc6 3.Nc3 Nf6 4.d4 cxd4 5.Nxd4 e5 6.Ndb5 d6 7.Bg5 a6 8.Na3 b5
9.Nd5 Be7 10.Bxf6 gxf6 11.c3 f5 12.exf5 Bxf5 13.Nc2 Bg5 14.a4 Rb8 15.axb5 axb5
16.h4 Be7 17.Nce3 Be6 18.b4 Qc8 19.Bd3 Qb7 20.Bxb5 Bd7 21.Ba6 Qa7 22.Bc8  1-0

[Event "TCh-RUS Siberian Zone"]
[Site "Omsk RUS"]
[Date "2001.10.07"]
[Round "3"]
[White "Frolov,D"]
[Black "Kuznetsov,Vi1"]
[Result "0-1"]
[WhiteElo "2473"]
[BlackElo "2261"]

1.e4 c5 2.Nf3 Nc6 3.Nc3 d6 4.d4 cxd4 5.Nxd4 Nf6 6.Bc4 e6 7.Be3 a6 8.Qe2 Na5
9.Bd3 b5 10.b4 Nc4 11.Bxc4 bxc4 12.a3 Bb7 13.f3 Qc7 14.Bg5 Be7 15.O-O O-O
16.Kh1 Rfe8 17.Rad1 h6 18.Bc1 Rad8 19.Rfe1 Bf8 20.Qf2 e5 21.Nf5 d5 22.exd5 Nxd5
23.Ne4 Re6 24.Qh4 Rde8 25.Be3 Rg6 26.Qf2 Qc8 27.Nh4 Nxe3 28.Qxe3 Rc6 29.g4 Rd8
30.c3 Rd7 31.Qe2 g6 32.Ng2 Be7 33.Ne3 Rcc7 34.Rxd7 Qxd7 35.Nxc4 Qb5 36.Ned2 Bh4
37.Qxe5 Re7 38.Qb8+ Kg7 39.Rxe7 Bxf3+ 40.Nxf3 Qxb8 41.Nxh4 Qd8 42.Ne3 Kf8  0-1

[Event "TCh-RUS Siberian Zone"]
[Site "Omsk RUS"]
[Date "2001.10.07"]
[Round "3"]
[White "Shomoev,A"]
[Black "Pridorozhni,A"]
[Result "1-0"]
[WhiteElo "2533"]
[BlackElo "2410"]

1.e4 c5 2.Nf3 Nc6 3.Nc3 Nf6 4.d4 cxd4 5.Nxd4 e5 6.Ndb5 d6 7.Bg5 a6 8.Na3 b5
9.Bxf6 gxf6 10.Nd5 f5 11.Bd3 Be6 12.O-O Bxd5 13.exd5 Ne7 14.c3 Qc8 15.Qh5 e4
16.Bc2 Bg7 17.Rae1 Qc5 18.Kh1 b4 19.Ba4+ Kf8 20.cxb4 Qxb4 21.Bb3 a5 22.Nc2 Qc5
23.Ne3 a4 24.Bd1 Nxd5 25.Nxf5 Nf4 26.Qg5 Ng6 27.Rxe4 h6 28.Qh5 Bxb2 29.Bxa4 Be5
30.Bb3 d5 31.Ree1 Bc3 32.Rc1 d4 33.Qf3 Ra7 34.Nxd4 Qxd4 35.Qxc3 Qxc3 36.Rxc3 Kg7
37.Rfc1 Re8 38.g3 Ree7 39.Kg2 Red7 40.R1c2 Ne5 41.Re2 Kf6 42.Rce3 Ng6 43.Rf3+ Kg7
44.Rf5 Rab7 45.Rc2 Rb4 46.Rc4 Rbb7 47.h4 Nf8 48.Rg4+ Kh7 49.Bc2  1-0

[Event "ch-SLO w"]
[Site "Grize SLO"]
[Date "2001.10.08"]
[Round "8"]
[White "Hari,V"]
[Black "Kaps,D"]
[Result "0-1"]
[WhiteElo "2070"]
[BlackElo "2221"]

1.e4 c5 2.Nf3 Nc6 3.Nc3 e5 4.Bb5 d6 5.O-O Be6 6.d3 h6 7.Ne1 g5 8.Ne2 Qb6
9.Bc4 O-O-O 10.a4 Nf6 11.Nc3 Nd4 12.Nf3 d5 13.a5 Qd6 14.Nxd4 cxd4 15.Nxd5 Nxd5
16.Bxd5 Bxd5 17.exd5 Qxd5 18.a6 b5 19.Qg4+ Rd7 20.Bd2 Be7 21.c4 dxc3 22.Bxc3 h5
23.Qf5 f6 24.Rfc1 Kb8 25.Ra5 Bd8 26.Ra3 Be7 27.Ra5 Rc8 28.Qe4 Bd8 29.Raa1 Bb6
30.Qg6 Qf7 31.Qe4 Rdc7 32.Rd1 h4 33.h3 Qe7 34.d4 b4 35.d5 Rc4 36.Qf3 bxc3
37.d6 Qd7 38.bxc3 Rf4 39.Qd5 Rxf2 40.Kh1 Qc6 41.d7 Rf1+ 42.Rxf1 Qxd5 43.dxc8=Q+ Kxc8
44.Rxf6 g4 45.Rxb6 axb6 46.a7 Qa8 47.hxg4 h3 48.Ra2 hxg2+ 49.Kh2 Kd7 50.g5 Ke7
51.Ra6 Kf8 52.c4 Kg7 53.Kg1 Qf3 54.Ra1 Qh3 55.Kf2 Qh1 56.Rg1 Qh8 57.Ra1 Qa8
58.Ra6 Kh7 59.Kg1 Kg7 60.Kf2 e4 61.Kxg2 e3+ 62.Kg3 e2 63.Ra1 e1=Q+ 64.Rxe1 Qxa7
65.Re4 Kg6 66.Kf4 Qf7+ 67.Ke3 Kxg5 68.Kd4 Kf5 69.Re5+ Kf6 70.Rd5 Ke6 71.Kc3 Qf6+
72.Kb3 Qf3+ 73.Kb4 Qe3 74.Rb5 Kd6 75.Rd5+ Kc6 76.Rb5 Qd2+ 77.Kb3 Qd3+ 78.Kb4 Qc2
79.Rh5 Qd2+ 80.Ka3 Qd3+ 81.Ka2 Qxc4+ 82.Kb2 Qe2+  0-1

[Event "ULIM Cup"]
[Site "Kishnev MDA"]
[Date "2001.10.08"]
[Round "2"]
[White "Slovineanu,V"]
[Black "Susterman,A"]
[Result "1-0"]
[WhiteElo "2406"]
[BlackElo "2203"]

1.e4 c5 2.Nc3 Nc6 3.Bb5 Nd4 4.Bc4 e6 5.Nf3 Nxf3+ 6.Qxf3 Ne7 7.O-O Nc6 8.Qg3 a6
9.d3 d6 10.Be3 b5 11.Bb3 g6 12.f4 Bg7 13.f5 Be5 14.Bf4 Qe7 15.Ne2 Bd7 16.c3 gxf5
17.exf5 O-O-O 18.a4 b4 19.cxb4 Bxf4 20.Qxf4 Nxb4 21.f6 Qf8 22.d4 Bc6 23.Qe3 Rg8
24.Rf2 Rg4 25.Nf4 Kb8 26.Rd1 Bb7 27.dxc5 d5 28.h3 Rg8 29.Nxe6 fxe6 30.Qf4+ Ka8
31.Qxb4 Rc8 32.Qd4 Qxc5 33.Qxc5 Rxc5 34.Re1 Bc8 35.Bc2 h6 36.f7 Rf8 37.Re5 Rxf7
38.Rxf7 Rxc2 39.Rf2  1-0

[Event "TCh-RUS Siberian Zone"]
[Site "Omsk RUS"]
[Date "2001.10.10"]
[Round "6"]
[White "Drozdov,I"]
[Black "Iskusnyh,S"]
[Result "1/2-1/2"]
[WhiteElo "2456"]
[BlackElo "2523"]

1.e4 c5 2.Nc3 Nc6 3.Nf3 d6 4.d4 cxd4 5.Nxd4 Nf6 6.Be2 g6 7.Nb3 Bg7 8.O-O O-O
9.Bg5 Be6 10.Kh1 a5 11.a4 Rc8 12.f4 Nb4 13.Nd4 Bc4 14.Ndb5 Bxb5 15.Bxb5 d5
16.exd5 Nfxd5 17.Nxd5 Nxd5 18.Ra3 Nb4 19.c3 Qxd1 20.Rxd1 Rfd8 21.Rxd8+ Rxd8
22.Ra1 Nc2 23.Bxe7 Rd2 24.Rg1 Ne3 25.Bc5 Nd5 26.g3 b6 27.Ba3 Bf8 28.Bxf8 Kxf8
29.Rg2 Rd1+ 30.Rg1 Rd2 31.Rg2 Rd1+ 32.Rg1  1/2-1/2

[Event "TCh-RUS Siberian Zone"]
[Site "Omsk RUS"]
[Date "2001.10.11"]
[Round "7"]
[White "Frolov,D"]
[Black "Starosek,K"]
[Result "1/2-1/2"]
[WhiteElo "2473"]
[BlackElo "2490"]

1.e4 c5 2.Nf3 Nc6 3.Nc3 d6 4.d4 cxd4 5.Nxd4 e5 6.Nf3 h6 7.Bc4 Nf6 8.h3 Be7
9.Be3 Be6 10.Bb3 Rc8 11.g4 Na5 12.Bxe6 fxe6 13.g5 hxg5 14.Nxg5 Qd7 15.Qd3 Nc4
16.O-O-O b5 17.Kb1 Nh5 18.Rhg1 Bf6 19.Ne2 Ke7 20.Bc1 b4 21.h4 Rc5 22.Qh3 d5
23.Qd3 d4 24.f4 exf4 25.Bxf4 e5 26.Bc1 Rb8 27.b3 Nd6 28.Nh7 Rh8 29.Nxf6 gxf6
30.Nxd4 exd4 31.Qxd4 Qc6 32.Qxb4 a5 33.Qd4 Nb5 34.Qd2 Nc3+ 35.Ka1 Nxe4 36.Rge1 Re5
37.Ba3+ Kf7 38.Qd7+ Qxd7 39.Rxd7+ Kg6 40.Bb2 Ree8 41.Rg1+ Kf5 42.Rd5+ Ke6
43.Rxa5 Nhg3 44.Ra6+ Kf7 45.Rb6 Re6 46.Rb7+ Kg6 47.Rb4 Kf5 48.a4 Rxh4 49.a5 Rc6
50.Rg2 Ke6 51.Ra4 f5 52.a6 Rc8 53.a7 Ra8 54.Ra6+ Kd7 55.Be5 f4 56.Kb2 Kc8
57.Rc6+ Kb7 58.Rc7+ Ka6 59.Rg1 Rh1 60.Rxh1 Nxh1 61.Rf7 Rxa7 62.Rxf4 Nhf2
63.Bd4 Nd1+ 64.Kc1 Ndc3 65.Bxa7 Ne2+  1/2-1/2

[Event "Essent Open"]
[Site "Hoogeveen NED"]
[Date "2001.10.12"]
[Round "1"]
[White "Van der Veen,Jan"]
[Black "Afek,Y"]
[Result "0-1"]
[WhiteElo "2135"]
[BlackElo "2369"]

1.e4 c5 2.Nc3 Nc6 3.Bb5 Nd4 4.Bc4 e6 5.Nf3 Nf6 6.O-O d5 7.exd5 exd5 8.Be2 Nxe2+
9.Qxe2+ Be7 10.d4 O-O 11.dxc5 Bxc5 12.Bg5 b6 13.Rad1 Bb7 14.Nd4 h6 15.Bh4 g5
16.Bg3 Re8 17.Qd3 Ne4 18.f3 Nxg3 19.hxg3 Qf6 20.Kh1 Re5 21.g4 Rae8 22.Nce2 Re3
23.Qd2 Ba6 24.Rf2 Qe5 25.f4 gxf4 26.Nxf4 Re1+ 27.Rxe1 Qxe1+ 28.Kh2 Qxd2 29.Rxd2 Re4
30.Nfe2 Rxg4 31.Nf5 Rg5 32.Neg3 Bc8 33.Rxd5 Kh7 34.c3 Be6 35.Re5 Bd6 36.Nxd6 Rxe5  0-1

[Event "TCh-RUS Siberian Zone"]
[Site "Omsk RUS"]
[Date "2001.10.12"]
[Round "8"]
[White "Drozdov,I"]
[Black "Sherbakov,V"]
[Result "0-1"]
[WhiteElo "2456"]
[BlackElo "2415"]

1.e4 c5 2.Nc3 Nc6 3.Nf3 e5 4.Bc4 d6 5.d3 h6 6.Nd2 g6 7.Nf1 Bg7 8.Ne3 Nge7
9.h4 h5 10.Ned5 Nxd5 11.Nxd5 Bg4 12.f3 Be6 13.Bg5 f6 14.Be3 Bh6 15.Bxh6 Rxh6
16.Nc7+ Qxc7 17.Bxe6 Qe7 18.Bc4 f5 19.Qd2 Rh8 20.c3 O-O-O 21.Qg5 Qxg5 22.hxg5 f4
23.Bf7 Ne7 24.d4 Kc7 25.d5 Rh7 26.Be6 Nc8 27.Rh4 Nb6 28.Kf2 Na4 29.Rb1 c4
30.Rh2 Nc5 31.Bh3 b5 32.b3 Rb8 33.Rhh1 cxb3 34.axb3 b4 35.Ke2 bxc3 36.b4 c2
37.Rb2 a5 38.b5 Kd8 39.Rc1 Rhb7 40.Rcxc2 Rxb5 41.Rxb5 Rxb5 42.Kd2 Ke7 43.Ra2 a4
44.Kc2 Rb8 45.Rb2 Rxb2+ 46.Kxb2 Nb7 47.Ka3 Nd8 48.Kxa4 Nf7 49.Bc8 Nxg5 50.Kb4 Nh7
51.Kc3 Nf6 52.Kd2 Kd8 53.Ba6 Kc7 54.Ke1 Kb6 55.Bc8 Kc5 56.Be6 Kd4 57.Kf2 g5
58.Ke2 g4 59.Bf5 g3 60.Bg6 h4 61.Bf5 Ne8 62.Bd7 Nc7 63.Bc8 Kc3 64.Bd7 Na8
65.Be8 Nb6 66.Bb5 Nc4 67.Kf1 Ne3+ 68.Kg1 Kd2 69.Ba6 Ke1 70.Bb5 Nd1 71.Ba6 Nc3
72.Bc8 Ke2 73.Kh1 Kf2  0-1

[Event "TCh-RUS Siberian Zone"]
[Site "Omsk RUS"]
[Date "2001.10.12"]
[Round "8"]
[White "Zemerov,V"]
[Black "Sherbakov,R"]
[Result "0-1"]
[WhiteElo "2316"]
[BlackElo "2539"]

1.e4 c5 2.Nc3 Nc6 3.Nf3 g6 4.d4 cxd4 5.Nxd4 Bg7 6.Be3 Nf6 7.Bc4 O-O 8.O-O d6
9.h3 Bd7 10.Bb3 Na5 11.Qd3 Rc8 12.Nd5 Nxd5 13.exd5 Qc7 14.c3 Nc4 15.Qe2 Rfe8
16.Rad1 b5 17.Nc6 Bxc6 18.dxc6 Qxc6 19.Bxa7 d5 20.f4 e6 21.Kh1 Qb7 22.Bg1 b4
23.Ba4 Red8 24.b3 Nd6 25.cxb4 Ne4 26.Rd3 Qxb4 27.Rfd1 Qb8 28.Qf3 Nc3 29.Rf1 Nxa2
30.f5 gxf5 31.Qh5 Rc3 32.Bh2 Qc8 33.Rdd1 Nb4 34.Bf4 Qc5 35.Qh4 Rc8 36.Bd7 Ra8
37.Bd2 d4 38.Ra1 Rxa1 39.Rxa1 Qf8 40.Bxc3 dxc3 41.Qc4 c2 42.Rf1 Qd6 43.Bb5 Bb2  0-1

[Event "Lasker Autumn GM"]
[Site "Bucharest ROM"]
[Date "2001.10.13"]
[Round "1"]
[White "Golubev,M"]
[Black "Parligras,M"]
[Result "1-0"]
[WhiteElo "2530"]
[BlackElo "2431"]

1.e4 c5 2.Nf3 Nc6 3.Nc3 e5 4.Bc4 Be7 5.d3 Nf6 6.Nd2 d6 7.Nf1 Bg4 8.f3 Be6
9.Ne3 O-O 10.O-O a6 11.a4 Nb4 12.Qe2 Rb8 13.Bd2 Nh5 14.g3 Bg5 15.Rf2 Nc6
16.Raf1 Nd4 17.Qd1 Bxe3 18.Bxe3 Bh3 19.f4 Nf6 20.fxe5 dxe5 21.Rxf6 gxf6 22.Bh6 f5
23.exf5 Qf6 24.Qh5 Bxf5 25.Nd5 Qe6 26.Qg5+  1-0

[Event "FSGM October"]
[Site "Budapest HUN"]
[Date "2001.10.13"]
[Round "8"]
[White "Todorovic,GM"]
[Black "Horvath,P1"]
[Result "1/2-1/2"]
[WhiteElo "2517"]
[BlackElo "2441"]

1.e4 c5 2.Nf3 Nc6 3.Nc3 e5 4.Bc4 Be7 5.d3 d6 6.Nd2 Nf6 7.Nf1 Bg4 8.f3 Be6
9.Ne3 O-O 10.Ncd5 Ne8 11.O-O Bg5 12.a4 Ne7 13.Nxe7+ Bxe7 14.f4 exf4 15.Nd5 Bg5
16.Bxf4 Bxf4 17.Rxf4 Bxd5 18.Bxd5 Nc7 19.Bb3 Ne6 20.Rf2 Qg5 21.Qf1 Rae8 22.Re1 Re7
23.Rf5 Qh6 24.Bd5 Nd4 25.Rf2 Nc6 26.c3 Ne5 27.Qe2 c4 28.dxc4 Kh8 29.Ref1 f6
30.Rf5 Rc8 31.Kh1 Qg6 32.h3 Qg3 33.R5f4 h6 34.Rf5 Kh7 35.R5f4 b6 36.Qh5 Qg5
37.Qe2 Qg3 38.Qh5 Qg5 39.Qe2 Qg3  1/2-1/2

[Event "TCh-ESP"]
[Site "Cala Galdana ESP"]
[Date "2001.10.13"]
[Round "1"]
[White "Llobel Cortell,E"]
[Black "Estremera Panos,S"]
[Result "1/2-1/2"]
[WhiteElo "2376"]
[BlackElo "2398"]

1.e4 c5 2.Nc3 Nc6 3.Nf3 d6 4.d4 cxd4 5.Nxd4 Nf6 6.f3 e5 7.Nb3 Be7 8.Be3 O-O
9.Qd2 a5 10.Bb5 Na7 11.Be2 Be6 12.Rd1 Nc8 13.Nd5 Bxd5 14.exd5 a4 15.Na1 Nb6
16.c4 Qc7 17.Qb4 Nfd7 18.Nc2 Nc5 19.Na3 Nbd7 20.f4 Bf6 21.O-O exf4 22.Bxf4 Be5
23.Bd3 Bxf4 24.Rxf4 Ne5 25.Bc2 Qe7 26.Qc3 g6  1/2-1/2

[Event "TCh-RUS Siberian Zone"]
[Site "Omsk RUS"]
[Date "2001.10.13"]
[Round "9"]
[White "Frolov,D"]
[Black "Pridorozhni,A"]
[Result "0-1"]
[WhiteElo "2473"]
[BlackElo "2410"]

1.e4 c5 2.Nf3 Nc6 3.Nc3 Nf6 4.e5 Ng4 5.Qe2 f6 6.exf6 Nxf6 7.d4 cxd4 8.Nb5 d6
9.Bg5 e5 10.Nbxd4 Be7 11.Nxc6 bxc6 12.O-O-O Qc7 13.Bxf6 Bxf6 14.Nd4 d5 15.f4 e4
16.g3 O-O 17.Nb3 a5 18.Qe3 a4 19.Nc5 Qb6 20.Qa3 Ra5 21.Nxe4 dxe4 22.Bc4+ Rd5
23.Bxd5+ cxd5 24.Rxd5 Be6 25.Rd2 e3 26.Re2 Rb8 27.c3 Bc4 28.Rc2 e2  0-1

[Event "TCh-ESP"]
[Site "Cala Galdana ESP"]
[Date "2001.10.15"]
[Round "3"]
[White "Adams,Mi"]
[Black "Paramos Dominguez,R"]
[Result "1-0"]
[WhiteElo "2731"]
[BlackElo "2434"]

1.e4 c5 2.Nc3 Nc6 3.Nf3 e5 4.Bc4 d6 5.d3 Be7 6.Nd2 Nf6 7.Nf1 O-O 8.Ne3 Be6
9.O-O Rb8 10.Kh1 Nd4 11.a4 a6 12.Ba2 Kh8 13.Bd2 b6 14.Ncd5 Nxd5 15.Bxd5 Qd7
16.c3 Nc6 17.Qh5 g6 18.Bxe6 fxe6 19.Qg4 Rb7 20.Nc4 b5 21.axb5 axb5 22.Na5 Nxa5
23.Rxa5 Ra7 24.Rxa7 Qxa7 25.h4 Qd7 26.Bh6 Rg8 27.h5 gxh5 28.Qxh5 Bf6 29.Ra1 d5
30.Qf3 Bd8 31.b3 Qe7 32.g3 Qd7 33.Kg2 Qb7 34.c4 bxc4 35.bxc4 dxc4 36.dxc4 Qe7
37.Ra6 Qd7 38.Be3  1-0

[Event "ULIM Cup"]
[Site "Kishnev MDA"]
[Date "2001.10.15"]
[Round "9"]
[White "Chernov,Va"]
[Black "Soltanici,R"]
[Result "1/2-1/2"]
[WhiteElo "2388"]
[BlackElo "2312"]

1.e4 c5 2.Nc3 Nc6 3.Bb5 g6 4.Bxc6 bxc6 5.d3 Bg7 6.f4 d6 7.Nf3 Nf6 8.O-O O-O
9.Qe1 Ne8 10.Bd2 f5 11.e5 Nc7 12.Qh4 Ne6 13.Rae1 Nd4 14.Nxd4 cxd4 15.exd6 exd6
16.Qxd8 Rxd8 17.Na4 Kf7 18.Ba5 Re8 19.b3 Rxe1 20.Rxe1 Be6 21.Nb2 Ke7 22.Nc4 Kd7
23.Kf2 Bf6 24.g3 Bd5 25.Nd2 g5 26.Nf3 g4 27.Nh4 Be6 28.Ng2 Re8 29.Re2 c5
30.Ke1 Rc8 31.Nh4 Rc6 32.Bd2 Ra6 33.a4 Rb6 34.Bc1 Rb8 35.Bb2 a6 36.Kf2 Rg8
37.Bc1  1/2-1/2

[Event "Essent Open"]
[Site "Hoogeveen NED"]
[Date "2001.10.16"]
[Round "5"]
[White "Galkin,A"]
[Black "Riazantsev,A"]
[Result "1/2-1/2"]
[WhiteElo "2583"]
[BlackElo "2500"]

1.e4 c5 2.Ne2 Nc6 3.Nbc3 Nf6 4.d4 cxd4 5.Nxd4 d6 6.Bg5 Qb6 7.Nb3 e6 8.Be2 Be7
9.O-O O-O 10.Qe1 Re8 11.Rd1 a6 12.Bxf6 gxf6 13.Kh1 Kh8 14.f4 Rg8 15.Rd3 Bd7
16.Rh3 Rg7 17.f5 Ne5 18.Rf4 Qd8 19.Nd4 Qg8 20.Rfh4 Rc8 21.Rh6 Rc5 22.Nb3 Rc8
23.Nd4 Rc5 24.Nb3 Rc8  1/2-1/2

[Event "Sportland NRW Cup"]
[Site "Senden GER"]
[Date "2001.10.17"]
[Round "5"]
[White "Saltaev,M"]
[Black "Emunds,HG"]
[Result "1-0"]
[WhiteElo "2504"]
[BlackElo "2218"]

1.e4 c5 2.Nf3 Nc6 3.Nc3 g6 4.d4 cxd4 5.Nxd4 Bg7 6.Nb3 Nf6 7.Bc4 O-O 8.O-O d6
9.Re1 Be6 10.Nd5 Ne5 11.Bf1 Rc8 12.a4 Bxd5 13.exd5 Qc7 14.c3 Rfe8 15.a5 a6
16.Ra4 Ned7 17.Rc4 Qd8 18.Rb4 Nc5 19.Be3 Nfd7 20.g3 Nxb3 21.Qxb3 Nc5 22.Bxc5 Rxc5
23.Rxb7 Rxa5 24.Bh3 Bf6 25.Bd7 Rf8 26.Bc6 Rc5 27.Re4 a5 28.Kg2 h5 29.f3 Kg7
30.Ra4 Qc8 31.Bd7 Qa8 32.c4 Rd8 33.h4 Rh8 34.Bc6 Qc8 35.Qc2 Rg8 36.Rd7 Qb8
37.b3 Qb6 38.Rb7 Qd8 39.Qe4 Qc8 40.Rd7 Qb8 41.Qd3 Qb6 42.Rb7 Qd8 43.Ra7 Qb6
44.Rb7 Qd8 45.Ra2 Rf8 46.Qe3 Qc8 47.Qe4 Rg8 48.Rd7 Qb8 49.Qe3 Qb6 50.Rb7 Qd8
51.Rb5 Qc7 52.Rxc5 dxc5 53.Qxc5 Rb8 54.Qe3 Qe5 55.Qxe5 Bxe5 56.Bb5 Bc3 57.Re2 Bb4
58.f4 Rb6 59.Kf3 Kf6 60.Ke4 e6 61.Ba4 Bc5 62.Ra2 Bb4 63.Rc2 Bc5 64.Bb5 Rb8
65.Rd2 exd5+ 66.Rxd5 Rc8 67.Bd7 Rc7 68.f5 Ke7 69.fxg6 fxg6 70.Ba4 Kf6 71.Kf3 Rc8
72.Bd7 Rc7 73.Be8 Bb4 74.Rg5 Rg7 75.c5 Rg8 76.Bd7 Rb8 77.Rd5 Be1 78.Rd6+ Ke7
79.Rd3 Rf8+ 80.Ke4 Bb4 81.c6 Bd6 82.Kd5 Bc7 83.Re3+ Kd8 84.g4 hxg4 85.Bxg4 Re8
86.Be6 Rh8  1-0

[Event "4th Golden Autumn"]
[Site "Alushta UKR"]
[Date "2001.10.20"]
[Round "?"]
[White "Gasanov,E"]
[Black "Arzumanian,G"]
[Result "1-0"]
[WhiteElo "2440"]
[BlackElo "2421"]

1.e4 c5 2.Nc3 Nc6 3.Bb5 Nd4 4.Bc4 g6 5.Nf3 Bg7 6.Nxd4 cxd4 7.Qf3 Nh6 8.Ne2 O-O
9.d3 Ng4 10.Bb3 d6 11.Qg3 b5 12.h4 h5 13.f3 Ne5 14.Nxd4 e6 15.Ne2 a5 16.a3 a4
17.Ba2 b4 18.axb4 Qb6 19.d4 a3 20.bxa3 Ba6 21.Qf2 Rfc8 22.Bb3 Nc6 23.c3 Bxe2
24.Qxe2 Nxd4 25.cxd4 Bxd4 26.Rb1 Rxc1+ 27.Rxc1 Rxa3 28.Qc4 Bf2+ 29.Kd1 Qe3
30.Kc2 d5 31.exd5 exd5 32.Qxd5 Qe2+ 33.Kb1 Bd4 34.Qxf7+  1-0